Co to za emotaka wersja pojazdy - Statystyki

Ogólne statystyki
  • Ten quiz został rozwiązany 17 razy
  • Średni wynik to 13 z 15
Statystyki odpowiedzi
Emotka Odpowiedzi % Poprawnych
🚁 Helikopter
100%
🛴 Hulajnoga
100%
🚲 Rower
100%
🚗 Samochód
100%
🛬 Samolot
100%
🚀 Rakieta
93%
🚜 Traktor
93%
🛸 Ufo
93%
🦽 Wózek inwalidzki
93%
🚋 Tramwaj
86%
🛶 Łódka
79%
Żaglówka
79%
🚤 Motorówka
64%
🚎 Trolejbus
57%
🚡 Gondolka
14%
Nie znaleziono quizów pasujących do podanych kryteriów
Rozkład punktacji
Procent ludzi z każdym wynikiem
Percentyl według liczby udzielonych odpowiedzi
Twoja historia wyników
Nie rozwiązałeś tego quizu